00870cam a22002291 4500001000400000003000800004005001700012008004100029035001700070040003200087041000800119082002400127100003200151245008100183250001100264260007500275300004600350504004900396650001600445710003400461856014500495658BD-RjUL20211208233220.0131124s1962 ilua bc 000 0 eng d a(BD-RjUL)678 aDLCcDLCdDLCdBD-RjULbeng aeng00a025.3221bMAI 19621 aMann, Margaret,d1873-1960.10aIntroduction to cataloging and the classification of books /cMargaret Mann. a2d ed. aChicago, Ill. :bAmerican library association,cc1943 [Printing 1962]. aix, [1], 276 p., 1 l. :billus. ;c24 cm. a"References" at end of most of the chapters. 0aCataloging.2 aAmerican library association.423Worldcat Detailsuhttp://www.worldcat.org/title/introduction-to-cataloging-and-the-classification-of-books/oclc/259333&referer=brief_results